00288nam a2200121Ia 4500003000400000005001700004008004100021020001900062040002000081100002100101245003100122260001300153OSt20240316145150.0170523s9999 xx 000 0 und d a978-9383758944 cIIMT UNIVERSITY aSingh- Thakur M. 0aProfessional Communication aBBP Pub.